Trouvez ces 50 kpop idols - Statistiques

Statistiques générales
  • Ce quiz a été pris 978 fois
  • Le résultat moyen est 10 sur 50
Statistiques - réponses
Réponse % Correct
Jennie
86%
Jungkook
80%
Felix
68%
Momo
45%
Yuna
42%
Yeonjun
40%
Heeseung
39%
Ningning
39%
Chaewon
37%
Danielle
32%
Liz
32%
Mingyu
32%
Minnie
31%
Wendy
26%
Yeosang
25%
Pharita
21%
Jiwoo
20%
Bambam
19%
Solar
19%
Chanyeol
17%
Yoon
17%
Minju
16%
Ten
16%
Natty
14%
Hanbin
13%
Intak
13%
Sunwoo
12%
Haruto
10%
Shotaro
10%
Taesan
9%
Sanha
8%
Bobby
7%
Dami
7%
Onda
7%
Hikaru
6%
Shownu
5%
BM
4%
Peniel
4%
SinB
4%
Tsuki
4%
Fatou
3%
Ravn
3%
Jinsik
2%
Jooyeon
2%
Saerom
2%
Swan
2%
Jiana
1%
Kelly
1%
Chanty
0%
Khael
0%
Aucun quiz correspondant
Distribution des résultats
% des personnes avec chaque résultat
Percentile par nombre de réponses
Votre historique - résultats
Vous n’avez pas pris ce quiz